The missing RIB: (Record no. 143390)

MARC details
000 -LEADER
fixed length control field 00589nam a22001817a 4500
005 - DATE AND TIME OF LATEST TRANSACTION
control field 20170816112727.0
010 ## - LCCN (DPL NO)
LC control number ENG-119593
020 ## - INTERNATIONAL STANDARD BOOK NUMBER
International Standard Book Number 9789382749400
Terms of availability 899.00
035 ## - SYSTEM CONTROL NUMBER
System control number EN-103125
037 ## - SOURCE OF ACQUISITION
Source of stock number/acquisition DBAD/PUB
082 ## - DEWEY DECIMAL CLASSIFICATION NUMBER
Classification number 881
100 ## - MAIN ENTRY--PERSONAL NAME
Personal name Satchidanandan,K.
245 ## - TITLE STATEMENT
Title The missing RIB:
Statement of responsibility, etc by Inderjit Singh
Remainder of title collected poems1973-2015 /
260 ## - PUBLICATION, DISTRIBUTION, ETC. (IMPRINT)
Place of publication, distribution, etc Mumbai
Name of publisher, distributor, etc Poetrywala an imprint of Peperwall Media Publishing
Date of publication, distribution, etc 2016
270 ## - ADDRESS
Address D-1201,Octacrest Lokhadwala,Township,Kandivali
City Mumbai
Postal code 400101
300 ## - PHYSICAL DESCRIPTION
Extent xvi,648p.
Dimensions 24cm (Hb)
942 ## - ADDED ENTRY ELEMENTS (KOHA)
Source of classification or shelving scheme Dewey Decimal Classification
Item type English Books
Classification part 881
Call number suffix THE
Holdings
Withdrawn status Lost status Not for loan Collection code Home library Current library Date acquired Source of acquisition Cost, normal purchase price Full call number Barcode Copy number Cost, replacement price Koha item type
      Non-fiction Shahdara Branch Shahdara Branch 16/08/2017 DBAD/PUB 899.00 881 THE EN-103125 1 899.00 English Books

© Delhi Public Library
Hit Counter
free hit counter